Cenové rozhodovanie a cenotvorba firmy diplomová práca

Guardado en:
Detalles Bibliográficos
Autor principal: Krnáčová, Martina
Autor Corporativo: Fakulta podnikového manažmentu EU. Katedra podnikovohospodárska
Otros Autores: Fendeková, Eleonora, 1952-
Formato: Libro
Lenguaje:eslovaco
Publicado: Bratislava 2011
Etiquetas: Agregar Etiqueta
Sin Etiquetas, Sea el primero en etiquetar este registro!

MARC

LEADER 00000nbm a2200000 4500
001 0131581
005 20161109101716.3
041 0 |a slo 
044 |a SK 
245 1 0 |a Cenové rozhodovanie a cenotvorba firmy  |b diplomová práca  |c Martina Krnáčová ; školiteľ: Eleonora Fendeková 
264 1 |a Bratislava  |c 2011 
300 |a 61 s. 
100 1 |a Krnáčová, Martina 
700 1 |a Fendeková, Eleonora, 1952- 
710 2 |a Fakulta podnikového manažmentu EU. Katedra podnikovohospodárska